000
00211nam a2200085Ia 4500
245
0
_a
White heat
100
_a
Grant, K. M. London, 2009
_9
79234
942
_c
BK
008
210817s9999 xx 000 0 und d
999
_c
402440
_d
402439